000 00522nam a2200181Ia 4500
008 090124s9999 xx 000 0 und d
082 _b6280
_a612
100 _aपराडकर ना.बा.
245 _a राजकवि तांबे
250 _a1
260 _c1942
300 _a175
600 _aपराडकर ना.बा.
630 _a राजकवि तांबे
700 _aपराडकर ना.बा.
730 _a राजकवि तांबे
942 _cBOOK
999 _c120221
_d120221